000 00288nam a2200121Ia 4500
008 220216s9999 xx 000 0 und d
100 _aSchallamach A
245 0 _aAbrasion pattern on rubber
260 _bIRI Transactions
_c1952
300 _a256-268
650 _aAbrasion
942 _cJS
999 _c53711
_d53711